| 000 | 00712nac a22001691u 4500 | ||
|---|---|---|---|
| 008 | 080811s2007 xxu||||| |||| 00| 0 ara d | ||
| 020 | _a9770452130 | ||
| 082 |
_a658.84 _bس ن ب |
||
| 100 | 1 |
_aالسنباطى ، إيهاب _921225 |
|
| 245 |
_aموسوعة الإطار القانوني للتجارة الإلكترونية / _cإيهاب السنباطي |
||
| 260 |
_aالقاهرة : _bدار النهضة العربية ،2007 _c2007. |
||
| 300 |
_a519 ص : _bايض ؛ _c24 سم. |
||
| 504 | _aيحتوي علي ببليوجرافية ص 483-496 | ||
| 511 | _aCatalogued by: Sara | ||
| 541 |
_aإهداء ؛ _cالقاضي الدكتور إيهاب السنباطي ؛ |
||
| 942 |
_cBB _k658.84 س ن ب _2ddc |
||
| 999 |
_c9006 _d9006 |
||